zpět

Detail výsledku týmu

Kentaur ST, Brno

Datum a čas kvízu

33.5 Celkem bodů Celkový počet nahraných bodů na tomto kvízu bez doplňovacích otázek.
2. Pořadí na kvízu Konečné umístění týmu na tomto kvízu.

Zaznamenané odpovědi

# Otázka Odpověď Body Výsledky
1. Největší veřejně přístupnou sb... 1
2. Slovenská vládní krize přinesl... 1
3. 15. března při zahájení Febiof... 0
4. Nápojářská skupina Kofola kupu... 0
5. Minulý týden vyvrcholil presti... 0
6. Stephen Hawking, jehož obdivuh... 0
7. V 70. letech se Hawking začal... 0
8. Hawking se během své vědecké d... 1
9. Jako student byl Stephen horli... 1
10. Která slavná skupina použila H... 1